000 00422nam a2200181Ia 4500
008 230725s1994 xx 000 0 und d
041 _aeng
082 _a615.19
_bJAI
100 _aN.K.JAIN
245 _aPHARMACEUTICAL ARITHAMATICS
260 _aDELHI
_bC.B.S. PUBLISHERS & DISTRUTORS
_c1994
300 _a216
365 _h15
500 _aTEXT BOOK
501 _aPH
520 _aPB
650 _aPHARMACEUTICS
999 _c767115
_d767115